[Event "Nachod op 8th"]
[Site "Nachod"]
[Date "2002.??.??"]
[Round "2"]
[White "Nyvlt, Otto"]
[Black "Wright, Neil"]
[Result "0-1"]
[WhiteElo "1950"]
[BlackElo "2155"]
[PlyCount "72"]
[EventDate "2002.??.??"]
[EventType "swiss"]
[EventRounds "9"]
[EventCountry "CZE"]
[SourceTitle "EXT 2007"]
[Source "ChessBase"]
[SourceDate "2006.11.23"]
[SourceVersion "1"]
[SourceVersionDate "2006.11.23"]
[SourceQuality "1"]

1. d4 Nf6 2. c4 g6 3. Nf3 Bg7 4. Nc3 d5 5. cxd5 Nxd5 6. e4 Nxc3 7. bxc3 c5 8. Bc4 0-0 9. 0-0 Nc6 10. Be3 Bg4 11. Bd5 Na5 12. Rb1 Qc7 13. h3 Bxf3 14. Qxf3 e6 15. Bb3 Rfd8 16. Bg5 Rd7 17. Ba4 Nc6 18. d5 exd5 19. exd5 Ne5 20. Qd1 Rd6 21. Re1 c4 22. Bf4 f6 23. Qd4 Rad8 24. Qxa7 Ra6 25. Qd4 Rxa4 26. Rb6 Ra6 27. Reb1 Rxb6 28. Rxb6 Qf7 29. d6 Rd7 30. Bxe5 fxe5 31. Qc5 e4 32. Rb4 Bf8 33. Qc8 Rxd6 34. Qxc4 Rd1+ 35. Kh2 Bd6+ 36. g3 Bxb4 0-1